000 00515nam a2200193 4500
003 OSt
005 20240621015714.0
006 a
008 240621b |||||||| |||| 00| 0 eng d
020 _a9781561589432
040 _aDWCL-Main lib.
_cOC
082 _aCirc. 694.6 D328t 2008
100 _aDeKorne, Clayton
245 _aTrim carpentry /
260 _aNewtown, CT :
_bThe Taunton Press,
_cc2008.
300 _b186 p. : col. ill. ;
_c28 cm.
504 _aIncludes index.
942 _2ddc
_n0
_cBK-CIRC
_kCirc.
999 _c1040
_d1040